Der Weg ins Freie - Figuren der Moderne bei Theodor Fontane und Arthur Schnitzler
Elmentve itt :
| Szerző: | |
|---|---|
| További közreműködők: | |
| Dokumentumtípus: | Könyv része |
| Megjelent: |
1999
|
| Sorozat: | Acta germanica
10 Erzählstrukturen II. : Studien zur Literatur der Jahrhundertwende 10 |
| Kulcsszavak: | Irodalomtudomány |
| Tárgyszavak: | |
| Online Access: | http://acta.bibl.u-szeged.hu/2391 |
| LEADER | 00856naa a2200241 i 4500 | ||
|---|---|---|---|
| 001 | acta2391 | ||
| 005 | 20210920154521.0 | ||
| 008 | 161015s1999 hu o 0|| ger d | ||
| 022 | |a 0238-079X | ||
| 040 | |a SZTE Egyetemi Kiadványok Repozitórium |b hun | ||
| 041 | |a ger | ||
| 100 | 1 | |a Scheffel Michael | |
| 245 | 1 | 4 | |a Der Weg ins Freie - Figuren der Moderne bei Theodor Fontane und Arthur Schnitzler |h [elektronikus dokumentum] / |c Scheffel Michael |
| 260 | |c 1999 | ||
| 300 | |a 7-18 | ||
| 490 | 0 | |a Acta germanica |v 10 | |
| 490 | 0 | |a Erzählstrukturen II. : Studien zur Literatur der Jahrhundertwende |v 10 | |
| 650 | 4 | |a Bölcsészettudományok | |
| 650 | 4 | |a Nyelvek és irodalom | |
| 695 | |a Irodalomtudomány | ||
| 700 | 0 | 1 | |a Fontane Theodor |
| 700 | 0 | 1 | |a Schnitzler Arthur |
| 856 | 4 | 0 | |u http://acta.bibl.u-szeged.hu/2391/1/germanica_010_007-018.pdf |z Dokumentum-elérés |